| 000 | 00674nam a2200229Ia 4500 | ||
|---|---|---|---|
| 003 | 0100 | ||
| 008 | 130303s9999 xx 000 0 und d | ||
| 040 | _cARRUPELIB | ||
| 050 | _aD421.F22 2000 | ||
| 100 | _aFarmer, Alan | ||
| 245 | 3 | _aAn introduction to modern European history, 1890-1990 | |
| 260 | _aLondon | ||
| 260 | _bHodder & Stoughton | ||
| 260 | _C2000 | ||
| 300 | _ax | ||
| 300 | _b 307p. 25 cm. | ||
| 440 | _aAccess to history | ||
| 650 | _bChaucer, Geoffrey, d 1400 Canterbury tales | ||
| 650 | _cChristian pilgrims and pilgrimages - England - Canterbury - Poetry | ||
| 650 | _dChristian pilgrims and pilgrimages in literature | ||
| 942 |
_2lcc _01 |
||
| 999 |
_c58749 _d58749 |
||